000
00334nam a2200133Ia 4500
008
150201s2009 xx 000 0 und d
082
_a
610
_b
Q09T
100
_a
TOIMBWEKAR, S.
245
_a
HB. OF QUALITY ASSUNACE IN LABORATORY MEDICINE
260
_b
B.I. PUB.
_a
DELHI
_c
2009
300
_a
199
650
_a
MEDICINE
942
_2
ddc
_c
BK
999
_c
2270
_d
2270